[Event "Klatovy op-C 29th"]
[Site "Klatovy"]
[Date "2023.07.09"]
[Round "9"]
[White "Sykora, Vaclav"]
[Black "Jezikowska, Nadzieja"]
[Result "1/2-1/2"]
[WhiteElo "1380"]
[BlackElo "1299"]
[PlyCount "26"]
[EventDate "2023.07.01"]
[EventType "swiss"]
[EventRounds "9"]
[EventCountry "CZE"]
[SourceTitle "CBM 215 Extra"]
[Source "ChessBase"]
[SourceDate "2023.09.30"]
[SourceVersion "1"]
[SourceVersionDate "2023.09.30"]
[SourceQuality "1"]

1. c4 e5 2. Nc3 d6 3. Nf3 Nd7 4. d3 c6 5. e3 Ngf6 6. Be2 Be7 7. 0-0 0-0 8. b3 d5 9. d4 exd4 10. Nxd4 a6 11. cxd5 Nxd5 12. Nxd5 cxd5 13. Bb2 Bf6 1/2-1/2

[Event "Klatovy op-C 29th"]
[Site "Klatovy"]
[Date "2023.07.05"]
[Round "5"]
[White "Novy, Jaroslav"]
[Black "Jezikowska, Nadzieja"]
[Result "0-1"]
[WhiteElo "1482"]
[BlackElo "1299"]
[PlyCount "42"]
[EventDate "2023.07.01"]
[EventType "swiss"]
[EventRounds "9"]
[EventCountry "CZE"]
[SourceTitle "CBM 215 Extra"]
[Source "ChessBase"]
[SourceDate "2023.09.30"]
[SourceVersion "1"]
[SourceVersionDate "2023.09.30"]
[SourceQuality "1"]

1. e4 e5 2. Nf3 Nc6 3. Bc4 Bc5 4. b4 Bb6 5. c3 Nf6 6. d3 h6 7. 0-0 d6 8. h3 0-0 9. Re1 a5 10. b5 Ne7 11. a4 Ng6 12. Be3 Bxe3 13. fxe3 b6 14. Nbd2 Qe7 15. Bd5 Nxd5 16. exd5 f5 17. e4 Qf6 18. Rf1 Nf4 19. Nc4 Qg6 20. Qd2 fxe4 21. Nh4 Qg5 0-1

[Event "Klatovy op-C 29th"]
[Site "Klatovy"]
[Date "2023.07.04"]
[Round "4"]
[White "Jezikowska, Nadzieja"]
[Black "Novotny, Jaromir"]
[Result "1/2-1/2"]
[WhiteElo "1299"]
[BlackElo "1681"]
[PlyCount "87"]
[EventDate "2023.07.01"]
[EventType "swiss"]
[EventRounds "9"]
[EventCountry "CZE"]
[SourceTitle "CBM 215 Extra"]
[Source "ChessBase"]
[SourceDate "2023.09.30"]
[SourceVersion "1"]
[SourceVersionDate "2023.09.30"]
[SourceQuality "1"]

1. e4 c5 2. Nf3 g6 3. d4 cxd4 4. Nxd4 Bg7 5. c3 Nc6 6. Nxc6 bxc6 7. Bd3 Nf6 8. 0-0 0-0 9. Nd2 d6 10. h3 Qc7 11. Nf3 Nd7 12. Bf4 Bb7 13. Re1 e5 14. Bg5 Nf6 15. Nd2 d5 16. Qc2 Nh5 17. Be2 Nf4 18. Bxf4 exf4 19. f3 Rae8 20. Bd3 Bf6 21. exd5 cxd5 22. Nb3 d4 23. cxd4 Qb6 24. Qf2 Rd8 25. Be4 Ba6 26. d5 Qxf2+ 27. Kxf2 Bxb2 28. Rad1 Bc4 29. Rb1 Bf6 30. Red1 Bh4+ 31. Kg1 f5 32. Bd3 Bxd5 33. a4 Bxb3 34. Rxb3 Kg7 35. Rdb1 Rf7 36. Bc4 Rfd7 37. Rb7 Kh6 38. Rxd7 Rxd7 39. Bb5 Rb7 40. Rd1 Re7 41. Bd7 Kg5 42. Kf1 Kf6 43. Bc6 Rc7 44. Bb5 1/2-1/2